Statistics for SNL Guest Hosts - Season 18

Click here to take the quiz!

General Stats

  • This quiz has been taken 7 times
  • The average score is 10 of 20

Answer Stats

Premiere DateFamous ForMusical GuestGuest Host% Correct
January 9, 1993Batman Returns, The Lorax, It's Always Sunny in PhiladelphiaBon JoviDanny Devito
100%
October 10, 1992Raging Bull, Goodfellas, CasinoThe Spin DoctorsJoe Pesci
86%
March 13, 1993Monsters Inc, Rsoeanne, The Big LebowskiMary J. BligeJohn Goodman
86%
November 14, 1992Batman, Batman Returns, BeetlejuiceMorresseyMichael Keaton
86%
September 26, 1992National Treasure, Ghost RiderBobby BrownNicolas Cage
86%
February 13, 199330 Rock, Pearl Harbor, The Boss BabyPaul McCartneyAlec Baldwin
71%
February 20, 1993Ghostbusters, The Life Aquatic with Steve Zissou, Groundhog DayStingBill Murray
71%
October 31, 1992Beetlejuice, Home Alone, The Nightmare Before Christmas10,000 ManiacsCatherine O"Hara
71%
April 17, 1993Look Who's Talking, Sibling Rivalry, It Takes TwoLenny KravitzKirstie Alley
71%
October 3, 1992The Shawshank Redemption, Bull Durham, Jacob's LadderSinead O'ConnorTim Robbins
71%
November 21, 1992Necessary Roughness, Houseguest, First KidSadeSinbad
43%
December 5, 1992McHale's Navy, Animal Factory, Cradle 2 the GraveNeil YoungTom Arnold
43%
May 8, 1993Anchorman, Anchorman 2: The Legend Continues, Up All NightMidnight OilChristina Applegate
29%
October 24, 1992Batman Returns, Nine LivesArrested DevelopmentChristopher Walken
29%
January 16, 1993Mean Streets, Taxi Driver, The Last Temptation of ChristMadonnaHarvey Keitel
29%
April 10, 1993Seinfeld, Pretty Woman, DuckmanPeter GabrielJason Alexander
29%
February 6, 199390210, The Fifth Element, The HeistMick JaggerLuke Perry
29%
May 15, 1993The Big Chill, Silverado, Cry FreedomWillie Nelson & Paul SimonKevin Kline
14%
December 12, 1992The World According to Garp, The Big Chill, The NaturalThe Black CrowesGlenn Close
0%
March 20, 1993Dance with a Stranger, Damage, Tom & VivSoul AsylumMiranda Richardson
0%

Score Distribution

Percentile by Number Answered

Percent of People with Each Score

Your Score History

You have not taken this quiz